Ensayos críticos / (Registro nro. 5500)
[ vista simple ]
| 000 -LEADER | |
|---|---|
| fixed length control field | 01196nam a2200289Ia 4500 |
| 003 - CONTROL NUMBER IDENTIFIER | |
| control field | OSt |
| 005 - DATE AND TIME OF LATEST TRANSACTION | |
| control field | 20200605160229.0 |
| 008 - FIXED-LENGTH DATA ELEMENTS--GENERAL INFORMATION | |
| fixed length control field | 191128s1988 sp gr 000 0 spa d |
| 020 ## - INTERNATIONAL STANDARD BOOK NUMBER | |
| International Standard Book Number | 847634015X |
| 040 ## - CATALOGING SOURCE | |
| Original cataloging agency | CO-JMCR |
| Transcribing agency | CO-JMCR |
| 041 1# - LANGUAGE CODE | |
| Language code of text/sound track or separate title | spa |
| Language code of original | eng |
| 082 04 - DEWEY DECIMAL CLASSIFICATION NUMBER | |
| Classification number | 330.1 / |
| Item number | R613e |
| Edition number | 23 |
| 100 1# - MAIN ENTRY--PERSONAL NAME | |
| Personal name | Robinson, Joan, |
| Relator term | autor |
| 9 (RLIN) | 5071 |
| 245 10 - TITLE STATEMENT | |
| Title | Ensayos críticos / |
| Statement of responsibility, etc. | Joan Robinson ; traducción Mireia Bofill ; selección y presentación Antonio Argandoña |
| 260 ## - PUBLICATION, DISTRIBUTION, ETC. | |
| Place of publication, distribution, etc. | Barcelona : |
| Name of publisher, distributor, etc. | Orbis, |
| Date of publication, distribution, etc. | 1988 |
| 300 ## - PHYSICAL DESCRIPTION | |
| Extent | 216 páginas ; |
| Dimensions | 20 cm. |
| 490 ## - SERIES STATEMENT | |
| Series statement | Biblioteca de economía ; |
| Volume/sequential designation | 13 |
| 505 ## - FORMATTED CONTENTS NOTE | |
| Formatted contents note | La filosofía de los precios -- La bella y la bestia -- ¿Qué es competencia perfecta? -- Precio de oferta creciente -- La "competencia imperfecta" en retrospectiva -- La función de producción y la teoría del capital -- La teoría de la distribución |
| 534 ## - ORIGINAL VERSION NOTE | |
| Introductory phrase | Collected economic papers |
| 546 ## - LANGUAGE NOTE | |
| Language note | Traducido del inglés |
| 650 14 - SUBJECT ADDED ENTRY--TOPICAL TERM | |
| Topical term or geographic name entry element | Teoría económica |
| 9 (RLIN) | 5072 |
| 650 24 - SUBJECT ADDED ENTRY--TOPICAL TERM | |
| Topical term or geographic name entry element | Precios economía |
| 9 (RLIN) | 5073 |
| 650 24 - SUBJECT ADDED ENTRY--TOPICAL TERM | |
| Topical term or geographic name entry element | Teoría de la distribución |
| 9 (RLIN) | 5074 |
| 700 1# - ADDED ENTRY--PERSONAL NAME | |
| Personal name | Bofill, Mireia, ; |
| Relator term | traductora |
| 9 (RLIN) | 5075 |
| 700 1# - ADDED ENTRY--PERSONAL NAME | |
| Personal name | Argandoña, Antonio, |
| Relator term | selección |
| 9 (RLIN) | 5076 |
| 942 ## - ADDED ENTRY ELEMENTS (KOHA) | |
| Source of classification or shelving scheme | Dewey Decimal Classification |
| Koha item type | Books |
| Withdrawn status | Lost status | Source of classification or shelving scheme | Materials specified (bound volume or other part) | Damaged status | Not for loan | Home library | Current library | Shelving location | Date acquired | Source of acquisition | Cost, normal purchase price | Total Checkouts | Full call number | Barcode | Date last seen | Copy number | Price effective from | Koha item type |
|---|---|---|---|---|---|---|---|---|---|---|---|---|---|---|---|---|---|---|
| Dewey Decimal Classification | Donación--15/04/2018-- | Biblioteca Pública José María del Castillo y Rada | Biblioteca Pública José María del Castillo y Rada | General Stacks | 11/28/2019 | Donación | 0.00 | 330.1 / R613e | 430001997 | 05/16/2024 | Ej.1 | 11/28/2019 | Books |